[Event "Biel Credis"]
[Site "Biel"]
[Date "1996.??.??"]
[Round "6"]
[White "Kelecevic, Nedeljko"]
[Black "Casagrande, Harald"]
[Result "1-0"]
[WhiteElo "2475"]
[BlackElo "2365"]
[Annotator "Hecht,H"]
[PlyCount "117"]
[EventDate "1996.07.22"]
[EventType "tourn"]
[EventRounds "11"]
[EventCountry "SUI"]
[EventCategory "10"]
[SourceTitle "CBM 055"]
[Source "ChessBase"]
[SourceDate "1996.12.01"]
[SourceVersion "1"]
[SourceVersionDate "1996.12.01"]
[SourceQuality "1"]

1. d4 g6 2. c4 Bg7 3. e4 d6 4. Nc3 Nd7 5. Be3 e5 6. d5 Ne7 7. g4 O-O 8. h4 f5
9. f3 Nf6 10. Bh3 fxg4 11. fxg4 h5 12. gxh5 gxh5 13. Bxc8 Rxc8 14. Nh3 Ng4 15.
Qe2 Ng6 16. O-O-O Nf4 17. Qd2 Bh6 18. Kb1 Qf6 19. Ng5 Ng2 20. Qxg2 Nxe3 21. Qh3
Nxd1 22. Nxd1 Kh8 23. Ne3 Bxg5 24. hxg5 Qf3 25. Qxf3 Rxf3 26. Nf5 Rd8 27. g6
Kg8 28. Rxh5 Rd7 29. c5 Rf4 30. c6 bxc6 31. dxc6 Rg7 32. Nxg7 Kxg7 33. Rh7+
Kxg6 34. Rxc7 Rxe4 35. Rd7 Rc4 36. Rxd6+ Kf5 37. b3 Rc5 38. Kb2 e4 {[#]} 39. b4
Rc4 (39... e3 40. bxc5 e2 41. c7 e1=Q 42. c8=Q+ $18) 40. Kb3 Rc1 (40... Ke5 41.
Kxc4 Kxd6 42. b5 e3 43. Kd3 $18) 41. Rd5+ Kf4 (41... Ke6 42. Rc5 Rxc5 43. bxc5
Ke7 44. Kc4 Kd8 45. Kd4 Kc7 46. Kxe4 Kxc6 47. Kd4 $18 {siehe Partie}) 42. Rc5
Rxc5 43. bxc5 {B-B nach elegantem Übergang vom T-Endspiel; Schlechterstellen
des sK, D-Endspiel-Intermezzo mit erzwungenem D-Tausch und gewonnenem
Bauern-Endspiel a+c gegen a.} e3 {[#]} 44. Kc2 $1 Kf3 45. c7 e2 46. c8=Q e1=Q
47. Qf5+ Kg3 (47... Kg2 48. Qd5+ Kh3 49. Qd3+ Kg4 50. Qd1+ Qxd1+ 51. Kxd1 Kf5
52. Kc2 Ke5 53. Kc3 Kd5 54. Kb4 a6 55. a3 Kc6 56. Kc4 Kc7 57. Kd5 Kd7 58. c6+
Kc8 59. Kd6 Kd8 60. a4 Kc8 61. a5 Kd8 62. Kd5 Kc8 63. Kc4 Kd8 64. Kd4 Kc8 65.
Kd5 $18 {Dreiecksmanöver/Zugzwang}) 48. Qd3+ Kf4 (48... Kh4 49. Qd4+ Kg5 50.
Qd2+ Qxd2+ 51. Kxd2 Kf5 52. Kc3 Ke5 53. Kb4 $18) 49. Qd2+ Qxd2+ 50. Kxd2 Ke5
51. Kc3 Kd5 52. Kb4 Kc6 53. Kc4 Kc7 54. Kd5 Kd7 55. c6+ Kc7 56. Kc5 Kc8 57. Kd6
Kd8 58. c7+ Kc8 59. Kc6 (59. Kc6 a5 60. a3 $18) 1-0

[Event "YUG-ch 56th"]
[Site "Herceg Novi"]
[Date "2001.03.31"]
[Round "8"]
[White "Djukic, Nikola"]
[Black "Tadic, Branko"]
[Result "1/2-1/2"]
[WhiteElo "2389"]
[BlackElo "2407"]
[Annotator "Hecht,H"]
[PlyCount "80"]
[EventDate "2001.03.23"]
[EventType "tourn"]
[EventRounds "15"]
[EventCountry "YUG"]
[EventCategory "10"]
[SourceTitle "CBM 083"]
[Source "ChessBase"]
[SourceDate "2001.07.05"]
[SourceVersion "1"]
[SourceVersionDate "2001.07.05"]
[SourceQuality "1"]

1. d4 d6 2. c4 g6 3. Nc3 Bg7 4. e4 Nc6 5. Be3 e5 6. d5 Nd4 7. Nge2 Bg4 8. f3
Bxf3 9. gxf3 Nxf3+ 10. Kf2 Qf6 11. Bg2 Nh4+ 12. Kg1 Bh6 13. Qd2 Qf3 14. Bxf3
Nxf3+ 15. Kf2 Nxd2 16. b3 f5 17. exf5 gxf5 18. Rhg1 O-O-O 19. Bxh6 Nxh6 20. Ke3
Ne4 21. Nxe4 fxe4 22. Raf1 Rdf8 23. Kxe4 Kd8 24. Nc3 a6 25. b4 Rxf1 26. Rxf1
Ke7 27. c5 Rg8 28. Kd3 Rf8 29. Rxf8 Kxf8 30. c6 bxc6 31. dxc6 Ke7 32. Ke4 Ng8
33. Nd5+ Kd8 34. a4 Ne7 35. Nxe7 Kxe7 {[#] Wegen des starken Raumvorteils kann
Weiß ungeachtet der verbundenen schwarzen Freibauern einen Gewinnversuch
unternehmen.} 36. Kd5 ({Interessanter und schärfer war freilich} 36. a5 d5+ (
36... Ke6 $2 37. b5 d5+ 38. Kd3 Kd6 39. bxa6 Kxc6 40. Ke3 $22 $18) 37. Kxd5 e4
38. Kxe4 Kd6 39. Kd4 Kxc6 40. Kc4 h5 41. h4 Kd6 (41... Kb7 42. Kd5 Kb8 43. Ke6
Kb7 44. Ke7 (44. Kf6 Kc6 45. Kg5 Kb5 46. Kxh5 Kxb4 47. Kg6 c5 48. h5 $11) 44...
Kc6 45. Kd8 Kb7 46. Kd7 Kb8 47. Kc6 Kc8 48. b5 axb5 49. a6 Kb8 50. Kxb5 Ka7 51.
Kc6 Kxa6 52. Kxc7 Ka7 $11) 42. b5 axb5+ 43. Kxb5 Kd7 44. a6 Kc8 45. Kc5 Kb8 46.
Kc6 Ka7 47. Kxc7 Kxa6 48. Kd6 Kb6 $11) 36... Kd8 37. a5 $1 (37. b5 $4 axb5 38.
axb5 Kc8 $19 {[%csl Rb5][%cal Rc8b8,Rb8a7,Ra7b6]}) (37. Ke4 $5 a5 38. b5 $1 (
38. bxa5 Kc8 $19) 38... Ke8 $1 (38... Kc8 39. Kd5 Kb8 40. b6 $1 e4 (40... cxb6
$2 41. Kxd6 Kc8 42. Kxe5 $18) 41. Kxe4 cxb6 42. Kd4 Kc8 43. Kc4 d5+ 44. Kd4 Kb8
45. Ke5 $11) 39. Kd5 Ke7 40. h4 h5 41. Ke4 Ke6 42. Kd3 d5 43. Ke3 d4+ 44. Ke4
Kd6 45. Kd3 Kd5 46. Ke2 e4 47. Kd2 d3 48. Ke3 Kc5 49. Kd2 Kd4 50. b6 e3+ 51.
Kd1 Kc3 52. bxc7 e2+ 53. Ke1 d2+ 54. Kxe2 Kc2 55. c8=Q d1=Q+ 56. Ke3 Qe1+ $11)
37... Kc8 38. h4 h6 39. h5 Kb8 40. Ke4 Kc8 {Status quo.} 1/2-1/2

[Event "Lippstadt 11th"]
[Site "Lippstadt"]
[Date "2003.08.12"]
[Round "6"]
[White "Brenke, Andreas"]
[Black "Jenni, Florian"]
[Result "1-0"]
[WhiteElo "2404"]
[BlackElo "2508"]
[Annotator "Hecht,H"]
[PlyCount "119"]
[EventDate "2003.08.07"]
[EventType "tourn"]
[EventRounds "11"]
[EventCountry "GER"]
[EventCategory "9"]
[SourceTitle "CBM 097"]
[Source "ChessBase"]
[SourceDate "2003.11.11"]
[SourceVersion "1"]
[SourceVersionDate "2003.11.11"]
[SourceQuality "1"]

1. c4 g6 2. d4 Bg7 3. Nc3 d6 4. e4 c6 5. Be3 a6 6. Nf3 Nf6 7. Be2 b5 8. cxb5
axb5 9. a3 O-O 10. O-O Nbd7 11. d5 Bb7 12. dxc6 Bxc6 13. Nd4 Bb7 14. f3 b4 15.
axb4 d5 16. exd5 Nxd5 17. Nxd5 Bxd5 18. Qd2 Ne5 19. Rac1 Qd7 20. Rc5 Rfd8 21.
Rfc1 Bb7 22. Rc7 Qd5 23. R1c5 Ra1+ 24. Bf1 Nc4 25. Rxc4 Ba6 26. b5 Bxb5 27.
Nxb5 Qxd2 28. Bxd2 Rxd2 29. Rc8+ Bf8 30. Rc1 Rxc1 31. Rxc1 Rxb2 32. Bd3 Rd2 33.
Bc4 Bh6 34. Re1 Rc2 35. Bd3 Rd2 36. Bf1 Bg5 37. Re2 Rd1 38. g3 h5 39. Nc3 Rd3
40. Ne4 Be3+ 41. Kg2 Ra3 42. h4 Kg7 43. f4 Bd4 44. Ng5 Bc5 45. Rc2 Bb4 46. Bc4
e6 47. Rb2 Be7 48. Rb7 Bxg5 49. hxg5 Kf8 50. Rb3 Ra4 51. Bb5 Ra1 52. Kf3 Re1
53. Be2 Kg7 54. Bd3 Ra1 55. g4 hxg4+ 56. Kxg4 Rg1+ 57. Kf3 {After 57...Ra1 or
57...Rh1, White would have an almost insoluble technical problem, because it
seems almost impossible to bring together the attack on e6/f7 by bringing the
king into the game with the protection of f4. Eine kaum zu lösende technische
Aufgabe stand dem Weißen nach 57...Ta1 oder 57...Th1 bevor, weil es fast
unmöglich erscheint, den Angriff auf e6/f7 mittels Königseinsatz mit der
Deckung von f4 zu vereinbaren.} Re1 $2 58. Rb1 $1 Rxb1 59. Bxb1 f6 60. Ke4 {
White easily wins by outflanking. Weiß gewinnt leicht mittels Umgehung.} (60.
Ke4 Kf7 61. Kd4 Kg7 62. Kc5 Kf7 63. Kd6 e5 64. fxe5 $18) 1-0

[Event "Winterthur"]
[Site "Winterthur"]
[Date "1996.??.??"]
[Round "9"]
[White "Huss, Andreas"]
[Black "Hug, Werner"]
[Result "1/2-1/2"]
[WhiteElo "2365"]
[BlackElo "2445"]
[Annotator "Hug,W"]
[PlyCount "29"]
[EventDate "1996.09.??"]
[EventType "tourn"]
[EventRounds "11"]
[EventCountry "SUI"]
[EventCategory "9"]
[SourceTitle "CBM 055"]
[Source "ChessBase"]
[SourceDate "1996.12.01"]
[SourceVersion "1"]
[SourceVersionDate "1996.12.01"]
[SourceQuality "1"]

1. d4 d6 2. c4 g6 3. Nc3 Bg7 4. e4 a6 5. Be3 c6 6. a4 a5 7. Be2 Nf6 8. e5 $6 (
8. Nf3 Ng4) 8... dxe5 9. dxe5 Qxd1+ (9... Nfd7 10. f4 O-O 11. Nf3 Na6 12. Ne4
$16) 10. Rxd1 Ng4 11. Bd4 O-O 12. f4 f6 13. exf6 Bxf6 (13... exf6 14. h3 Nh6
15. g4 Re8 16. Nf3) 14. Bxf6 exf6 15. Rd6 (15. Rd6 Ne3 16. Kf2 Nf5 17. Rd2)
1/2-1/2

[Event "Belgrade Investbank"]
[Site "Belgrade"]
[Date "1991.??.??"]
[Round "?"]
[White "Lautier, Joel"]
[Black "Jussupow, Artur"]
[Result "1-0"]
[WhiteElo "2560"]
[BlackElo "2625"]
[Annotator "Jussupow,A"]
[PlyCount "61"]
[EventDate "1991.11.??"]
[EventType "tourn"]
[EventRounds "11"]
[EventCountry "YUG"]
[EventCategory "15"]
[SourceTitle "CBM 027"]
[Source "ChessBase"]
[SourceDate "1992.04.01"]
[SourceVersion "1"]
[SourceVersionDate "1992.04.01"]
[SourceQuality "1"]

1. c4 {Dautov Ribli} e5 2. Nc3 d6 3. Nf3 g6 4. d4 Nd7 $6 5. e4 (5. dxe5 dxe5 6.
Bg5 f6 7. Be3 $14) 5... Bg7 6. Be2 Ne7 (6... Ngf6 $142) (6... Nh6 {Dautov} 7.
h4 f6 8. h5 $14) (6... c6 {Dautov} 7. O-O Nh6 8. c5 $1 dxc5 9. dxe5 O-O 10. h3
$16) 7. d5 (7. h4 $5) (7. h4 $5 {Ribli} h6 8. h5 (8. Be3 {Dautov} O-O (8... f5
$5) 9. Qd2 Kh7 10. O-O-O c6 11. dxe5 dxe5 12. Qd6 Ng8 13. c5 Re8 14. Ng5+ $1
$16 {Sosonko,G-Ljubojevic,L,Brussel,1987}) 8... g5 9. d5 f5 10. g4 $1 fxe4 11.
Nxe4 $14 {Keitlinghaus,L-Lau,R FRG-ch 1989 CBM/15}) (7. Be3 {Dautov} O-O 8. Qd2
(8. O-O h6 9. Qd2 Kh7 10. Rad1 Nc6 11. Nd5 $14) 8... f5 (8... exd4 9. Nxd4 Nc6
10. O-O $14) 9. exf5 (9. Bh6 $5 Bxh6 10. Qxh6 exd4 11. Nxd4 Ne5 12. f4 Nf7 13.
Qh4 fxe4 14. Nxe4 Nf5 15. Qxd8 Nxd8 16. Nxf5 Bxf5 17. Nc3 $10) 9... gxf5 10.
Bh6 (10. Bg5 $5 e4 11. Nh4 Nf6 12. O-O $14) 10... Ng6 11. Bxg7 Kxg7 12. dxe5
dxe5 13. O-O-O $14) 7... O-O (7... f5 $5 {Dautov} 8. exf5 gxf5 (8... Nxf5 9.
Ne4 $14) 9. Ng5 Nf8 $8 (9... Nf6 $2 10. Bh5+ Ng6 11. Nxh7 $18) 10. f4 $14) 8.
h4 $1 $14 (8. Be3 {Dautov} f5 $13) (8. g4 {Dautov} f5 9. gxf5 gxf5 10. Ng5 Nf6
11. Rg1 $13) 8... Nf6 (8... f5 {Dautov} 9. h5 f4 (9... Nf6 10. hxg6 hxg6 11.
exf5 gxf5 12. Bg5 $40) 10. hxg6 hxg6 11. Ng5 Nf6 12. c5 $1 $16) 9. Be3 Ng4 (
9... c6 10. Nd2 $16) 10. Bd2 c6 (10... h5 11. Ng5 Nh6 12. f3 f5 $16) (10... Nf6
$5 {Dautov}) 11. Ng5 h5 (11... f5 $5 12. Ne6 $140 (12. h5 {Dautov} Qb6 13. Bxg4
fxg4 14. Qe2 Qxb2 15. Rb1 Qa3 16. hxg6 hxg6 17. Ne6 $16) 12... Bxe6 13. dxe6
Qc8 14. Bxg4 fxg4 15. Qxg4 Rf6 16. Bg5 Qxe6 $14) (11... Nf6 $142 {Dautov} 12.
h5 h6 13. Nh3 (13. Nf3 Nxh5 $13) 13... g5 $5 $14) 12. f3 Nh6 (12... Nf6 $142 {
Dautov}) 13. g4 $16 Kh8 (13... f5 {Dautov} 14. exf5 gxf5 15. gxh5 $16) 14. Qc1
(14. Be3 $5 $16) 14... Neg8 (14... Nhg8 {Dautov} 15. gxh5 gxh5 16. f4 exf4 17.
Bxh5 $16) 15. Qc2 $6 (15. gxh5 $142 gxh5 16. Qc2 Ne7 $16) 15... Qe8 $6 (15...
Nf6 $142 16. O-O-O hxg4 17. Rdg1 $40) 16. gxh5 gxh5 17. O-O-O f6 (17... f5 $142
$16 {Dautov /\f4}) 18. Be3 $16 (18. dxc6 {Dautov} bxc6 19. Be3 Qe7 20. c5 dxc5
21. Na4 $16) 18... c5 (18... fxg5 $2 {Ribli} 19. hxg5 $18) 19. Nb5 (19. Rdg1
$142 $16) 19... Qe7 20. Ne6 Bxe6 21. dxe6 Rad8 (21... Rfd8 $2 22. Rd3 a6 23.
Nxd6 $18) 22. f4 a6 $2 (22... f5 $1 23. fxe5 Bxe5 24. Bg5 Qxe6 25. Bxd8 Rxd8
$44) 23. Nc3 Qxe6 $2 (23... f5 $142 $1 24. fxe5 Bxe5 (24... Qxe6 25. exd6 $16)
25. Bg5 Qxe6 $16) (23... exf4 24. Nd5 Qxe6 25. Nxf4 $18) 24. f5 Qf7 25. Qd2 $18
b5 (25... Ng4 26. Bxg4 hxg4 27. h5 $18 Rfe8 28. h6 Bf8 29. Rdg1) 26. Rdg1 Ng4
27. Bxg4 hxg4 28. h5 Kh7 29. h6 Bh8 30. Rxg4 Ne7 31. Qg2 {/\32.Rg7 +-} 1-0

[Event "Israel"]
[Site "Israel"]
[Date "1999.??.??"]
[Round "?"]
[White "Kaspi, Alexander"]
[Black "Lev, Ronen"]
[Result "1-0"]
[WhiteElo "2510"]
[BlackElo "2457"]
[Annotator "Kaspi,A"]
[PlyCount "49"]
[EventDate "1999.??.??"]
[EventType "game"]
[EventRounds "1"]
[EventCountry "ISR"]
[SourceTitle "CBM 071"]
[Source "ChessBase"]
[SourceDate "1999.08.01"]
[SourceVersion "1"]
[SourceVersionDate "1999.08.01"]
[SourceQuality "1"]

1. d4 {Tyomkin,D} g6 2. c4 Bg7 3. Nc3 d6 4. e4 e5 5. d5 f5 6. exf5 gxf5 7. Qh5+
Kf8 8. Bd3 Nf6 9. Qe2 $146 (9. Qd1 Qe8 10. Nh3 Na6 11. O-O f4 12. Ng5 Nc5 13.
Re1 Nxd3 14. Qxd3 Qg6 15. Qxg6 hxg6 16. f3 Rh5 17. Nge4 Nxe4 18. Nxe4 Bf5 19.
Bd2 Kf7 20. Rac1 b6 21. b4 Bf8 $11 {1/2-1/2 Hansen,C-Berg,K/Kerteminde 1991/
CBM 23/[Ribli] (35)}) (9. Qg5 Qd7 10. Nge2 Na6 11. Ng3 f4 12. Nf5 Rg8 13. Nxg7
Qxg7 14. Qxg7+ Rxg7 15. g3 Re7 16. f3 Nc5 17. Bc2 Bh3 18. Kf2 Kf7 19. b4 $16 {
1-0 Zaja,I-Horvath,J/Porec CRO 1998 (33)}) 9... Bd7 10. Bd2 c6 11. f3 Na6 12.
O-O-O cxd5 13. cxd5 Nc5 $6 {Black allows white to develope an attack without
any counterplay.} (13... Nb4 $142 14. Bg5 Rc8 15. Kb1 $132) 14. Bc2 Qe8 15. g4
$1 {[%cal Gd1f1,Yf1f8][%mdl 128] Beginning of onslaugt.With destroying f5-pawn,
white gets the control over e4-point.} fxg4 (15... f4 16. Nh3 Rc8 17. Nf2 $14 {
[%csl Ye4][%cal Gh2h4]}) 16. Rf1 Qh5 (16... Kg8 17. fxg4 Nxg4 18. h3 Nf6 19.
Qg2 $40 {[%cal Gg1e2,Yh1g1]}) 17. fxg4 Qxg4 18. Qf2 Ke7 (18... Rc8 19. Nge2 Bb5
20. Kb1 Bxe2 21. Rhg1 Qf3 22. Qxf3 Bxf3 23. Rxf3 h6 24. b4 Ncd7 25. Nb5 $18 {
[%csl Rd6]}) 19. Nge2 Qh5 (19... Qh3 20. Rhg1 Bg4 21. Rg3 Qh4 22. h3 $18) 20.
Rhg1 Ng4 (20... Qf7 21. b4 Na6 22. Ne4 $18 {[%csl Rf6][%cal Rg1g7,Rd2g5]}) {
[%tqu "En","Find a winning continuation for white.","","","e2g3","",10]} 21.
Ng3 $1 $18 {[%mdl 64]} Nxf2 22. Nxh5 Nfd3+ 23. Bxd3 Nxd3+ 24. Kc2 Nb4+ 25. Kb3
{[%csl Rb4,Rg7]} 1-0

[Event "Dhaka"]
[Site "Dhaka"]
[Date "1995.??.??"]
[Round "11"]
[White "Gunawan, Ruben"]
[Black "Koshy, Varugeese"]
[Result "0-1"]
[WhiteElo "2430"]
[BlackElo "2405"]
[Annotator "King,D"]
[PlyCount "88"]
[EventDate "1995.??.??"]
[EventType "tourn"]
[EventRounds "13"]
[EventCountry "BAN"]
[EventCategory "9"]
[SourceTitle "CBM 048"]
[Source "ChessBase"]
[SourceDate "1995.10.01"]
[SourceVersion "1"]
[SourceVersionDate "1995.10.01"]
[SourceQuality "1"]

1. d4 g6 2. c4 Bg7 3. Nc3 d6 4. Nf3 e5 5. e4 Bg4 6. d5 a5 7. h3 Bd7 8. Be3 Na6
9. Bd3 Bh6 10. Qd2 Bxe3 11. Qxe3 Nf6 12. O-O-O Qe7 13. Bc2 Nc5 14. Ng1 O-O 15.
Nge2 Kg7 16. g4 h5 17. f3 hxg4 18. fxg4 Nh7 19. h4 {A brave move and a
reasonable practical decision. For the pawn White has gained an open file in
front of Black's K.} (19. Kb1 Qh4 {Black's blockade would be difficult to
break down, for instance...} 20. Ng1 Bxg4 $1) 19... Bxg4 20. Rdg1 Bd7 21. Ng3 {
It is here that White loses his way. He would have reasonable compensation for
P if he had played...} (21. h5 g5 22. h6+ Kh8 23. Ng3) 21... Kh8 22. Rf1 Rg8
23. Nd1 c6 24. Qf3 cxd5 25. exd5 Rgf8 26. Ne3 e4 27. Qd1 Qe5 28. Ne2 Rae8 29.
Nf4 Rg8 30. Ng4 Bxg4 31. Qxg4 Nf6 32. Qg5 Kg7 33. Qg2 Rh8 34. Rhg1 Rh6 35. Qg5
Reh8 36. Qxe5 dxe5 37. Ng2 Rh5 38. Kd2 Kf8 39. b3 Rf5 40. a3 Rf3 41. b4 axb4
42. axb4 Na6 43. b5 Nc5 44. Rh1 Ne8 0-1

[Event "Perenyi Memorial"]
[Site "Gyula"]
[Date "2000.01.25"]
[Round "2"]
[White "Danner, Georg"]
[Black "Burnett, Ronald"]
[Result "1/2-1/2"]
[WhiteElo "2443"]
[BlackElo "2437"]
[Annotator "King,D"]
[PlyCount "118"]
[EventDate "2000.01.24"]
[EventType "tourn"]
[EventRounds "13"]
[EventCountry "HUN"]
[EventCategory "9"]
[SourceTitle "CBM 076"]
[Source "ChessBase"]
[SourceDate "2000.05.31"]
[SourceVersion "1"]
[SourceVersionDate "2000.05.31"]
[SourceQuality "1"]

1. d4 g6 2. c4 Bg7 3. e4 d6 4. Nc3 e5 5. Nf3 Nc6 6. dxe5 dxe5 7. Qxd8+ Kxd8 8.
Be3 Nd4 9. Nxd4 exd4 10. Rd1 c5 11. Bf4 Nf6 12. f3 Nh5 13. Bg5+ f6 14. Bc1 f5
15. exf5 gxf5 16. Nd5 Be6 17. Kf2 Kd7 18. Bd3 {The blockading bishop on d3
cripples Black completely: the passed pawn on d4, supposedly an asset, cannot
move, so the bishop on g7 has no prospects; and the isolated pawn on f5 can
never move from the sights of the bishop on d3.} Be5 19. Rde1 Bd6 20. g3 Raf8
21. Re2 Rhg8 22. Bd2 b5 23. b3 Rg6 24. Ke1 Rc8 25. Kd1 Ng7 26. Nf4 Bxf4 27.
Bxf4 bxc4 28. bxc4 Ne8 29. Rhe1 Nd6 30. Bxd6 Kxd6 31. g4 Rf8 32. Re5 Rh6 33. g5
Rg6 34. h4 Bg8 35. Re7 Rf7 36. Re8 h6 37. f4 hxg5 38. hxg5 (38. fxg5 $1 {
looks stronger.}) 38... Bh7 39. Rd8+ Kc7 40. Rd5 Ra6 41. Rxc5+ Kd8 42. Rd5+ Rd7
43. Rh1 Bg6 44. Rh8+ Kc7 45. Rxd7+ Kxd7 46. Rh6 Ra3 47. Bb1 Bf7 {It is
interesting to see that as soon as the blockading bishop becomes dislodged
from d3, Black gets counter-chances.} 48. c5 {Nothing is crystal clear for
White:} (48. g6 Bxc4 49. g7 Rg3) (48. Bxf5+ Ke7 49. Rh7 Kf8 50. g6 Bxc4) 48...
Bxa2 49. Bxa2 Rxa2 50. Rf6 Rg2 51. Rxf5 Kc6 52. Rf7 a5 53. Ra7 Kxc5 54. Rxa5+
Kb4 55. Ra8 Kc4 56. Ke1 Kd3 57. Re8 Rg4 58. Kf2 Rxf4+ 59. Kg3 Rf1 1/2-1/2

[Event "Match/Nation DDR-BUL"]
[Site "Zinnowitz"]
[Date "1985.09.24"]
[Round "1.1"]
[White "Knaak, Rainer"]
[Black "Ermenkov, Evgenij"]
[Result "1-0"]
[WhiteElo "2530"]
[BlackElo "2515"]
[Annotator "Knaak,R"]
[PlyCount "97"]
[EventDate "1985.09.24"]
[EventType "team-match"]
[EventRounds "4"]
[EventCountry "DDR"]
[SourceTitle "EXT 2008"]
[Source "ChessBase"]
[SourceDate "2007.11.25"]
[SourceVersion "1"]
[SourceVersionDate "2007.11.25"]
[SourceQuality "1"]

{[%mdl 65]} 1. d4 d6 2. c4 e5 3. Nf3 exd4 4. Nxd4 g6 5. Nc3 Bg7 6. e4 Nc6 7.
Be3 (7. Nxc6 bxc6 8. Be2 c5) 7... Nge7 8. Nxc6 $1 bxc6 ({Nach} 8... Nxc6 9. Be2
{hat Weiß eindeutigen Vorteil.}) 9. Bd4 $1 O-O 10. Bxg7 Kxg7 11. Qd4+ f6 $6 ({
Besser war} 11... Kg8 $1 12. c5 dxc5 $1 13. Qxc5 Qd6 14. Qxd6 cxd6 15. Bc4 $14
{und die Probleme des Nachziehenden halten sich in Grenzen. Wegen der
Schwächung der 7. Reihe und des Feldes e6 empfiehlt sich diese Variante nach
11... f6?! nicht.}) 12. c5 $1 d5 13. O-O-O Be6 14. Bd3 Qe8 15. Rhe1 Qf7 16. e5
$16 f5 17. f4 a5 18. h3 Qe8 19. Rg1 Qb8 20. a3 Qb7 21. Rd2 Rf7 22. Ne2 Qc8 23.
Qa4 Rf8 (23... d4 24. Nxd4 $18) 24. Nd4 $18 Qd7 25. Rf2 Kh8 26. Qd1 a4 27. Qe1
Ng8 28. g4 $1 fxg4 29. hxg4 Bxg4 30. Bxg6 $1 (30. e6 Qg7) 30... hxg6 31. Rh2+
Kg7 32. e6 (32. Qh4 $5) 32... Qe7 33. Rxg4 Qxc5+ 34. Nc2 d4 35. Qh4 Ne7 $1 (
35... Rf6 36. Rxg6+ $1) 36. Qh6+ Kf6 37. f5 $1 {Zwingt den schwarzen König ins
offene Feld,} Nxf5 ({denn} 37... Qxf5 38. Rf4 {wäre hoffnungslos.}) 38. Rxg6+
Ke5 $8 39. Re2+ Kd5 40. Qh1+ Kc4 41. e7 $1 Rh8 (41... Nxe7 42. Rxe7 Qxe7 43.
Rxc6+ Qc5 44. Rxc5+ Kxc5 45. Nb4 {und Weiss gewinnt mühelos.}) 42. Qf1 d3 {
Die letzte Falle.} 43. Rd2 $1 ({Nach} 43. Re4+ Kb3 $1 44. Qxd3+ Ka2 {steht der
schwarze König nicht schlechter als der weisse.}) 43... Kb5 44. Rxd3 Kb6 45.
Rc3 Qd5 46. Rgxc6+ Kb7 47. Rxc7+ Kb8 48. Nb4 Qh1 49. e8=Q+ 1-0

[Event "Donner Memorial-A"]
[Site "Amsterdam"]
[Date "1994.??.??"]
[Round "8"]
[White "Lautier, Joel"]
[Black "Benjamin, Joel"]
[Result "1-0"]
[WhiteElo "2645"]
[BlackElo "2610"]
[Annotator "Lautier,J"]
[PlyCount "81"]
[EventDate "1994.08.??"]
[EventType "tourn"]
[EventRounds "9"]
[EventCountry "NED"]
[EventCategory "15"]
[SourceTitle "CBM 043"]
[Source "ChessBase"]
[SourceDate "1994.12.01"]
[SourceVersion "1"]
[SourceVersionDate "1994.12.01"]
[SourceQuality "1"]

1. d4 d6 2. c4 e5 3. Nf3 exd4 4. Nxd4 g6 5. Nc3 Bg7 6. e4 Ne7 7. Be2 Nbc6 8.
Be3 O-O 9. h4 f5 10. h5 $146 f4 11. Nxc6 bxc6 (11... Nxc6 $2 12. hxg6 $1 (12.
Qd5+ $6 Kh8 13. hxg6 h6 14. Bc1 (14. Bd2 $2 Nb4 $19) 14... Qf6 $44 {@} (14...
Nd4 $2 15. Rxh6+ Bxh6 16. Qxd4+ Bg7 17. Qd5 $16)) 12... h6 (12... fxe3 $2 13.
Qd5+ $18) (12... Bxc3+ $2 13. bxc3 fxe3 14. Qd5+ Kg7 15. Rxh7+ Kxg6 (15... Kf6
16. Rf7+ $18) 16. Qh5+ Kf6 17. f4 $18) 13. Bd2 $16) 12. Bd4 Bxd4 13. Qxd4 c5
14. Qd2 g5 15. g3 $1 h6 (15... Kh8 16. gxf4 Rxf4 17. O-O-O $14) 16. gxf4 Rxf4
17. Nd5 Rf7 18. O-O-O {/\ f4} (18. f4 $2 Nxd5 19. Qxd5 c6 $1 $17) (18. e5 $6
Nxd5 19. Qxd5 Rb8 $36 {/\ Bb7}) 18... Rb8 $1 (18... Bb7 $2 19. Bg4 $1 $16) (
18... Be6 $6 19. e5 $1 Bxd5 20. cxd5 dxe5 21. Bg4 Nf5 22. Qc2 $16) 19. e5 $1 (
19. f4 Nxd5 20. Qxd5 Bb7 21. Qe6 Qf6 22. Qxf6 Rxf6 23. fxg5 hxg5 24. Rhg1 Bxe4
25. Rxg5+ Kh8 $10) 19... Nxd5 20. cxd5 dxe5 21. d6 $1 {/\ Bc4} Be6 $8 22. Qc2 {
/\ Qg6} Qf6 (22... Rf6 23. d7 Rb6 (23... Bxd7 $6 24. Bg4 Bxg4 25. Rxd8+ Rxd8
26. Qc4+ Be6 27. Qxc5 $16) 24. Qxc5 Rd6 25. Qxe5 Bxd7 26. Bc4+ Kg7 27. f4 $5
$14) 23. Qg6+ $5 Qxg6 24. hxg6 Rxf2 $1 (24... Rd7 $6 25. dxc7 Rxc7 26. Rxh6 $40
) 25. dxc7 Rc8 26. Rd8+ (26. Ba6 Rxc7 27. Rxh6 Rc6 28. Bd3 Rd6 29. Rh7 g4 $15)
(26. Rxh6 Rxe2 27. Rh7 Rf2 28. Rd8+ (28. Re7 $2 Bg4 29. Rg1 Rf4 $17) 28... Rf8
29. g7 Rfxd8 30. cxd8=Q+ Rxd8 31. Rh8+ Kxg7 32. Rxd8 Bxa2 $10) 26... Kg7 27.
Bc4 Bf5 28. Rxc8 Bxc8 29. Re1 (29. Rd1 $2 Rf4 30. b3 Rd4 31. Rf1 Rd7 $17) 29...
g4 (29... Rf4 30. b3 e4 (30... Kf6 $2 31. Rxe5 $1 $16) 31. Rd1 Rf8 32. Rd8 g4
33. Bd5 e3 34. Kd1 $14) 30. Rxe5 g3 31. Re7+ (31. Bd5 g2 32. Bxg2 Rxg2 33. Re8
(33. Re7+ $2 Kf8 $19) 33... Bf5 34. c8=Q Bxc8 35. Rxc8 Rxg6 36. Rxc5 $10) 31...
Kxg6 32. Bd5 g2 33. Bxg2 Rxg2 $4 $138 (33... Rf7 $1 34. Rxf7 Kxf7 35. Kd2 Ke7
36. Kc3 Kd6 37. b4 $10) 34. Re8 $18 {/\ Rg8} Kh5 (34... Rg1+ 35. Kd2 Rg2+ 36.
Ke3 Rg3+ 37. Kf2 $18) 35. Rxc8 Rg7 36. Kd2 Kg4 37. Kd3 h5 38. Kc4 h4 39. Kxc5
h3 40. Kc6 h2 41. Rh8 1-0